Versiones del surrealismo

Gespeichert in:
Bibliographische Detailangaben
1. Verfasser: Moro, César (autor)
Format: Buch
Sprache:Spanisch
Veröffentlicht: Barcelona Tusquets 1974
Schriftenreihe:Cuadernos Marginales, 41
Schlagworte:
Tags: Tag hinzufügen
Keine Tags, Fügen Sie den ersten Tag hinzu!

MARC

LEADER 00000nam a2200000 a 4500
001 UCV8485
003 CL-VaPUC
005 20220426122823.0
008 910827e19740000SP |||||||||||||||||spa|d
999 |c 213996  |d 213994 
040 |c Pontificia Universidad Católica de Valparaíso 
082 0 4 |a 841  |b MOR  |2 21 
100 |a Moro, César  |e autor  |9 302535 
245 1 0 |a Versiones del surrealismo 
260 |a Barcelona  |b Tusquets  |c 1974 
300 |a 168 p 
490 0 |a Cuadernos Marginales, 41 
583 |a last modification  |c 19910827 00:00:00  |k Rodrigo Vera 
650 0 |a Poesías peruanas  |9 265467 
650 7 |a SURREALISMO EN LA LITERATURA  |2 CL-VaPUC  |9 266192 
942 |c BK  |2 ddc 
945 |d 19910827 00:00:00 
952 |0 0  |1 1  |4 0  |6 841_000000000000000_MOR_1974  |7 0  |8 A  |9 196968  |a BIBARQ  |b BIBARQ  |d 2019-11-14  |i 2647222  |o 841 MOR 1974  |p 2647222  |r 2019-11-14  |w 2019-11-14  |x Retirado en Inventario 2023  |y BK  |k ARQ 
952 |0 0  |1 0  |4 0  |6 841_000000000000000_MOR_1974  |7 0  |8 A  |9 196969  |a BIBHIS  |b BIBHIS  |d 2019-11-14  |i 3089304  |o 841 MOR 1974  |p 3089304  |r 2025-01-20  |w 2019-11-14  |y BK  |k HIS 
952 |0 0  |1 0  |4 0  |6 841_000000000000000_MOR_1974  |7 0  |8 A  |9 196970  |a BIBART  |b BIBART  |d 2019-11-14  |i 138175K  |o 841 MOR 1974  |p 138175K  |r 2025-03-13  |w 2019-11-14  |y BK  |k ART